LEADER 04076nam 22005415 450 001 9910483736303321 005 20200820055146.0 010 $a3-030-57796-1 024 7 $a10.1007/978-3-030-57796-4 035 $a(CKB)4100000011392421 035 $a(MiAaPQ)EBC6313870 035 $a(DE-He213)978-3-030-57796-4 035 $a(PPN)258062215 035 $a(EXLCZ)994100000011392421 100 $a20200820d2021 u| 0 101 0 $aeng 135 $aurcnu|||||||| 181 $ctxt$2rdacontent 182 $cc$2rdamedia 183 $acr$2rdacarrier 200 10$aAdvances in Intelligent Networking and Collaborative Systems$b[electronic resource] $eThe 12th International Conference on Intelligent Networking and Collaborative Systems (INCoS-2020) /$fedited by Leonard Barolli, Kin Fun Li, Hiroyoshi Miwa 205 $a1st ed. 2021. 210 1$aCham :$cSpringer International Publishing :$cImprint: Springer,$d2021. 215 $a1 online resource (543 pages) 225 1 $aAdvances in Intelligent Systems and Computing,$x2194-5357 ;$v1263 300 $aIncludes index. 311 $a3-030-57795-3 330 $aThis book aims to provide the latest research findings, innovative research results, methods and development techniques from both theoretical and practical perspectives related to intelligent social networks and collaborative systems, intelligent networking systems, mobile collaborative systems, secure intelligent cloud systems, etc., as well as to reveal synergies among various paradigms in such a multi-disciplinary field intelligent collaborative systems. With the fast development of the Internet, we are experiencing a shift from the traditional sharing of information and applications as the main purpose of the Web to an emergent paradigm, which locates people at the very centre of networks and exploits the value of people's connections, relations and collaboration. Social networks are also playing a major role in the dynamics and structure of intelligent Web-based networking and collaborative systems. Virtual campuses, virtual communities and organizations strongly leverage intelligent networking and collaborative systems by a great variety of formal and informal electronic relations, such as business-to-business, peer-to-peer and many types of online collaborative learning interactions, including the emerging e-learning systems. This has resulted in entangled systems that need to be managed efficiently and in an autonomous way. In addition, latest and powerful technologies based on grid and wireless infrastructure as well as cloud computing are currently enhancing collaborative and networking applications as a great deal but also facing new issues and challenges. The principal purpose of the research and development community is to stimulate research that will lead to the creation of responsive environments for networking and, at longer-term, the development of adaptive, secure, mobile and intuitive intelligent systems for collaborative work and learning. 410 0$aAdvances in Intelligent Systems and Computing,$x2194-5357 ;$v1263 606 $aComputational intelligence 606 $aArtificial intelligence 606 $aComputational Intelligence$3https://scigraph.springernature.com/ontologies/product-market-codes/T11014 606 $aArtificial Intelligence$3https://scigraph.springernature.com/ontologies/product-market-codes/I21000 615 0$aComputational intelligence. 615 0$aArtificial intelligence. 615 14$aComputational Intelligence. 615 24$aArtificial Intelligence. 676 $a004.6 702 $aBarolli$b Leonard$4edt$4http://id.loc.gov/vocabulary/relators/edt 702 $aLi$b Kin Fun$4edt$4http://id.loc.gov/vocabulary/relators/edt 702 $aMiwa$b Hiroyoshi$4edt$4http://id.loc.gov/vocabulary/relators/edt 801 0$bMiAaPQ 801 1$bMiAaPQ 801 2$bMiAaPQ 906 $aBOOK 912 $a9910483736303321 996 $aAdvances in Intelligent Networking and Collaborative Systems$92542795 997 $aUNINA LEADER 01307oam 2200445zu 450 001 9910139110903321 005 20241212215906.0 010 $a9781467301206 010 $a1467301205 035 $a(CKB)2560000000079985 035 $a(SSID)ssj0000669445 035 $a(PQKBManifestationID)12244641 035 $a(PQKBTitleCode)TC0000669445 035 $a(PQKBWorkID)10709317 035 $a(PQKB)11047995 035 $a(NjHacI)992560000000079985 035 $a(EXLCZ)992560000000079985 100 $a20160829d2011 uy 101 0 $aeng 135 $aur||||||||||| 181 $ctxt 182 $cc 183 $acr 200 10$a2011 IEEE Nuclear Science Symposium Conference Record 210 31$a[Place of publication not identified]$cIEEE$d2011 215 $a1 online resource 300 $aBibliographic Level Mode of Issuance: Monograph 311 08$a9781467301183 311 08$a1467301183 606 $aImaging systems in medicine$vCongresses 606 $aNuclear physics$vCongresses 615 0$aImaging systems in medicine 615 0$aNuclear physics 676 $a616.0754 702 $aIEEE Staff 801 0$bPQKB 906 $aPROCEEDING 912 $a9910139110903321 996 $a2011 IEEE Nuclear Science Symposium Conference Record$92540083 997 $aUNINA